000
00311 a2200157 4500
001
165256
020
_a
040
_c
Magnum
100
_a
Coelho, Ronaldo Simões
240
1
0
_a
Perola torta
_l
por
245
1
0
_a
Perola torta
362
0
_a
1899
440
1
_a
Dimensão
697
_a
IJ/GERAL
942
_c
BK
999
_c
165256
_d
165256